[Event "Kent Oliver mem."]
[Site "Winnipeg CAN"]
[Date "2001.01.12"]
[Round "1"]
[White "Gannon, Keith"]
[Black "Charter, Bennet"]
[Result "1/2-1/2"]
[WhiteElo "1583"]
[BlackElo "1748"]
[PlyCount "103"]
[GameId "2160767911627292"]
[EventDate "2001.01.??"]
[EventType "swiss"]
[EventRounds "5"]
[EventCountry "CAN"]
[SourceTitle "EXT 2005"]
[Source "ChessBase"]
[SourceDate "2004.11.15"]
[SourceVersion "1"]
[SourceVersionDate "2004.11.15"]
[SourceQuality "1"]

1. Nf3 d5 2. d4 c6 3. Nbd2 Nf6 4. c4 e6 5. e3 Nbd7 6. Bd3 Bd6 7. Qc2 h6 8. a3 a5 9. h3 O-O 10. O-O Qc7 11. b3 e5 12. dxe5 Nxe5 13. Nxe5 Bxe5 14. Bb2 Bxb2 15. Qxb2 Be6 16. Rac1 Qe7 17. cxd5 Nxd5 18. Nf3 Rfd8 19. Rfd1 Rd6 20. Nd4 Qf6 21. Qc2 Rad8 22. Nxe6 Qxe6 23. Bf5 Qe7 24. Qe4 Qxe4 25. Bxe4 Kf8 26. Bxd5 Rxd5 27. Rxd5 Rxd5 28. Rc3 Ke7 29. Kf1 Ke6 30. Ke2 Kd7 31. e4 Rb5 32. f4 Ke6 33. g4 g5 34. f5+ Ke5 35. Ke3 f6 36. Rd3 Rc5 37. Kf3 b5 38. b4 axb4 39. axb4 Rc4 40. Rd8 Rc3+ 41. Kg2 Kxe4 42. Rd6 c5 43. bxc5 Rxc5 44. Rxf6 Rc2+ 45. Kg3 Rc3+ 46. Kg2 b4 47. Rxh6 b3 48. Rb6 Rc2+ 49. Kg3 b2 50. f6 Rc3+ 51. Kg2 Rc2+ 52. Kg3 1/2-1/2

[Event "Kent Oliver mem."]
[Site "Winnipeg CAN"]
[Date "2001.01.12"]
[Round "1"]
[White "Gentes, Kevin"]
[Black "Khedkar, Jay S"]
[Result "1-0"]
[WhiteElo "2348"]
[BlackElo "2008"]
[PlyCount "53"]
[GameId "2160767911627293"]
[EventDate "2001.01.??"]
[EventType "swiss"]
[EventRounds "5"]
[EventCountry "CAN"]
[SourceTitle "EXT 2005"]
[Source "ChessBase"]
[SourceDate "2004.11.15"]
[SourceVersion "1"]
[SourceVersionDate "2004.11.15"]
[SourceQuality "1"]

1. e4 c5 2. Nf3 e6 3. d4 cxd4 4. Nxd4 Nf6 5. Nc3 d6 6. g4 Be7 7. g5 Nfd7 8. h4 Nc6 9. Be3 Qc7 10. Ndb5 Qb8 11. Qd2 a6 12. Nd4 Qc7 13. O-O-O Nce5 14. f4 Nc4 15. Bxc4 Qxc4 16. h5 Nc5 17. Kb1 Na4 18. Nxa4 Qxa4 19. g6 Qc4 20. h6 gxh6 21. gxf7+ Kxf7 22. Qh2 Bf8 23. Qh5+ Ke7 24. e5 Bd7 25. b3 Qc3 26. exd6+ Kd8 27. Qe5 1-0

[Event "Kent Oliver mem."]
[Site "Winnipeg CAN"]
[Date "2001.01.12"]
[Round "1"]
[White "Haapamaki, Eric"]
[Black "Sitter, Wayne"]
[Result "0-1"]
[WhiteElo "1769"]
[BlackElo "1599"]
[PlyCount "84"]
[GameId "2160767911627294"]
[EventDate "2001.01.??"]
[EventType "swiss"]
[EventRounds "5"]
[EventCountry "CAN"]
[SourceTitle "EXT 2005"]
[Source "ChessBase"]
[SourceDate "2004.11.15"]
[SourceVersion "1"]
[SourceVersionDate "2004.11.15"]
[SourceQuality "1"]

1. e4 g6 2. d4 d6 3. c4 Bg7 4. Nf3 Nd7 5. Be2 c5 6. d5 Nh6 7. O-O O-O 8. Nc3 f5 9. exf5 Nxf5 10. Ne4 Ne5 11. Ned2 a6 12. Nxe5 Bxe5 13. Nf3 Bg7 14. a3 e6 15. dxe6 Bxe6 16. Ng5 Bd7 17. Qd5+ Kh8 18. Nf7+ Rxf7 19. Qxf7 Nd4 20. Bd3 Nb3 21. Rb1 Nxc1 22. Rfxc1 Bc6 23. Re1 Qg5 24. Bf1 Rf8 25. Qe7 Qg4 26. Qe3 Qf5 27. Bd3 Qg4 28. Qg3 Qd4 29. b3 Be5 30. Qe3 Qh4 31. g3 Qf6 32. Rf1 Bd4 33. Qe2 Bf3 34. Qd2 g5 35. Be2 Be4 36. Bd3 Bf3 37. Be2 g4 38. Bxf3 gxf3 39. h4 Rg8 40. Kh2 Rg4 41. Kh3 Rxh4+ 42. gxh4 Qf5+ 0-1

[Event "Kent Oliver mem."]
[Site "Winnipeg CAN"]
[Date "2001.01.12"]
[Round "1"]
[White "Kaptsan, Aron"]
[Black "Valvo, Michael"]
[Result "0-1"]
[WhiteElo "2122"]
[BlackElo "2395"]
[PlyCount "96"]
[GameId "2160767911627295"]
[EventDate "2001.01.??"]
[EventType "swiss"]
[EventRounds "5"]
[EventCountry "CAN"]
[SourceTitle "EXT 2005"]
[Source "ChessBase"]
[SourceDate "2004.11.15"]
[SourceVersion "1"]
[SourceVersionDate "2004.11.15"]
[SourceQuality "1"]

1. d4 Nf6 2. c4 a6 3. c5 e5 4. dxe5 Ng4 5. Qd4 d6 6. exd6 Nc6 7. Qe4+ Be6 8. Nc3 cxd6 9. cxd6 Bxd6 10. e3 O-O 11. Bd3 Nf6 12. Qh4 Nb4 13. Bb1 Rc8 14. Nge2 Rc4 15. Nd4 Qc7 16. Bd2 Be5 17. O-O Nc6 18. Ne4 Nxe4 19. Bxe4 g6 20. Nxe6 fxe6 21. Rac1 Bxh2+ 22. Qxh2 Qxh2+ 23. Kxh2 Rxe4 24. Bc3 Ne7 25. Bd4 Nf5 26. Rc7 Nxd4 27. exd4 b5 28. Rc6 a5 29. Ra6 a4 30. Rb6 Rf5 31. Rb7 Rxd4 32. Rc1 Rf7 33. Rxb5 Rd2 34. f3 Rxf3 35. Rc7 Rf7 36. Rxf7 Kxf7 37. Rb4 a3 38. bxa3 h5 39. a4 Rxa2 40. Kh3 g5 41. Rb5 Kf6 42. a5 Ra3+ 43. Kh2 e5 44. Rb6+ Kf5 45. a6 h4 46. Rc6 e4 47. Kg1 Kf4 48. Rf6+ Kg3 0-1

[Event "Kent Oliver mem."]
[Site "Winnipeg CAN"]
[Date "2001.01.12"]
[Round "1"]
[White "Lukic, Luka"]
[Black "Rasmussen, Barry"]
[Result "0-1"]
[WhiteElo "1966"]
[BlackElo "2229"]
[PlyCount "66"]
[GameId "2160767911627296"]
[EventDate "2001.01.??"]
[EventType "swiss"]
[EventRounds "5"]
[EventCountry "CAN"]
[SourceTitle "EXT 2005"]
[Source "ChessBase"]
[SourceDate "2004.11.15"]
[SourceVersion "1"]
[SourceVersionDate "2004.11.15"]
[SourceQuality "1"]

1. d4 c5 2. e3 cxd4 3. exd4 d6 4. Nf3 Nf6 5. Bd3 g6 6. c3 Bg7 7. O-O O-O 8. Re1 Nc6 9. Bg5 Qc7 10. h3 Re8 11. Na3 a6 12. Qc2 b5 13. Rad1 Bb7 14. Nb1 Rac8 15. Qc1 e5 16. dxe5 Nxe5 17. Nxe5 dxe5 18. Bf1 Ne4 19. Bh6 b4 20. c4 Qc5 21. Be3 Qc6 22. Qc2 Nd6 23. b3 Nf5 24. Bc1 Nd4 25. Qd3 e4 26. Qd2 Rcd8 27. Qg5 h6 28. Qa5 Rd7 29. Rd2 e3 30. fxe3 Qe4 31. Bd3 Nf3+ 32. gxf3 Qxf3 33. Rf1 Qg3+ 0-1

[Event "Kent Oliver mem."]
[Site "Winnipeg CAN"]
[Date "2001.01.12"]
[Round "1"]
[White "Moffat, Ron"]
[Black "Barkman, Daniel"]
[Result "0-1"]
[WhiteElo "1730"]
[BlackElo "1576"]
[PlyCount "114"]
[GameId "2160767911627297"]
[EventDate "2001.01.??"]
[EventType "swiss"]
[EventRounds "5"]
[EventCountry "CAN"]
[SourceTitle "EXT 2005"]
[Source "ChessBase"]
[SourceDate "2004.11.15"]
[SourceVersion "1"]
[SourceVersionDate "2004.11.15"]
[SourceQuality "1"]

1. d4 Nf6 2. c4 g6 3. Nc3 d5 4. cxd5 Nxd5 5. e4 Nxc3 6. bxc3 c5 7. Bc4 Bg7 8. Ne2 Nc6 9. Be3 O-O 10. O-O Na5 11. Bd3 cxd4 12. cxd4 Bg4 13. f3 Be6 14. Rc1 Bxa2 15. Qa4 Be6 16. d5 Bd7 17. Bb5 Bxb5 18. Qxb5 b6 19. Bd2 Nb7 20. Be3 Nd6 21. Qa6 Qd7 22. Rc6 Rfc8 23. Rfc1 e6 24. Bf4 Rxc6 25. Rxc6 Ne8 26. Rxb6 exd5 27. Rb7 Qe6 28. Qd3 dxe4 29. fxe4 Be5 30. Nd4 Qf6 31. Bxe5 Qxe5 32. Nf3 Qc5+ 33. Kf1 Nd6 34. Rd7 Nc4 35. Rd5 Qc7 36. Kf2 a5 37. Rd7 Qc5+ 38. Ke2 a4 39. Rd5 Qc7 40. Qc3 a3 41. Ne5 a2 42. Rd1 a1=Q 43. Rxa1 Rxa1 44. Nxc4 Ra2+ 45. Ke3 Qc5+ 46. Qd4 Qxd4+ 47. Kxd4 Rxg2 48. Ne3 Rxh2 49. Ng4 Rg2 50. Nf6+ Kg7 51. e5 h5 52. Ke4 h4 53. Kf3 h3 54. Ne4 Rc2 55. Ng3 h2 56. Nh1 g5 57. Ng3 Rc3+ 0-1

[Event "Kent Oliver mem."]
[Site "Winnipeg CAN"]
[Date "2001.01.12"]
[Round "1"]
[White "Nikouline, Alexandre"]
[Black "Lipnowski, Samuel"]
[Result "1-0"]
[WhiteElo "2116"]
[BlackElo "1991"]
[PlyCount "117"]
[GameId "2160767911627298"]
[EventDate "2001.01.??"]
[EventType "swiss"]
[EventRounds "5"]
[EventCountry "CAN"]
[SourceTitle "EXT 2005"]
[Source "ChessBase"]
[SourceDate "2004.11.15"]
[SourceVersion "1"]
[SourceVersionDate "2004.11.15"]
[SourceQuality "1"]

1. e4 c5 2. Nf3 e6 3. d4 cxd4 4. Nxd4 a6 5. Bd3 Nf6 6. O-O Qc7 7. Be3 Be7 8. a4 b6 9. Nd2 Bb7 10. N4b3 d5 11. e5 Qxe5 12. Bxb6 Nbd7 13. Bd4 Qc7 14. f4 O-O 15. Qe2 Bd6 16. g3 e5 17. fxe5 Nxe5 18. Rf5 Rfe8 19. Raf1 Re6 20. Qg2 Rae8 21. Qh3 Nxd3 22. Bxf6 gxf6 23. cxd3 d4 24. Qg4+ Kh8 25. Rh5 Re2 26. Ne4 R2xe4 27. dxe4 d3 28. Qf5 Qb6+ 29. Nc5 Bxc5+ 30. Qxc5 Qxb2 31. Rh4 d2 32. Qd6 Qc3 33. Kf2 f5 34. Rf4 fxe4 35. Rxf7 e3+ 36. Kg1 d1=Q 37. Rxd1 e2 38. Rf8+ Kg7 39. Rxe8 exd1=Q+ 40. Qxd1 Qc5+ 41. Kf1 Bg2+ 42. Kxg2 Qc6+ 43. Qf3 Qxe8 44. Qb7+ Kg8 45. Qxa6 Qe4+ 46. Kh3 Qf5+ 47. g4 Qf3+ 48. Kh4 Qf2+ 49. Kg5 Qe3+ 50. Kf5 Qf3+ 51. Ke5 Qe3+ 52. Kd5 Qf3+ 53. Kc5 Qe3+ 54. Kc6 Qe6+ 55. Kb5 Qe2+ 56. Kb6 Qe6+ 57. Ka7 Qd7+ 58. Kb8 Qxg4 59. Qc8+ 1-0

[Event "Kent Oliver mem."]
[Site "Winnipeg CAN"]
[Date "2001.01.12"]
[Round "1"]
[White "Proulx, Roy"]
[Black "Katona, Jozsef2"]
[Result "0-1"]
[WhiteElo "1627"]
[BlackElo "1792"]
[PlyCount "44"]
[GameId "2160767911627299"]
[EventDate "2001.01.??"]
[EventType "swiss"]
[EventRounds "5"]
[EventCountry "CAN"]
[SourceTitle "EXT 2005"]
[Source "ChessBase"]
[SourceDate "2004.11.15"]
[SourceVersion "1"]
[SourceVersionDate "2004.11.15"]
[SourceQuality "1"]

1. e4 d6 2. d4 Nf6 3. Nc3 g6 4. f4 Bg7 5. Nf3 O-O 6. Bd3 c5 7. Ne2 Nc6 8. c3 Bg4 9. O-O cxd4 10. cxd4 Qb6 11. Kh1 e5 12. dxe5 dxe5 13. f5 Rad8 14. h3 Bxf3 15. Rxf3 Nxe4 16. Be3 Qxe3 17. Rxe3 Nf2+ 18. Kg1 Nxd1 19. Rxd1 gxf5 20. Nc3 e4 21. Bc2 Rxd1+ 22. Nxd1 Bd4 0-1

[Event "Kent Oliver mem."]
[Site "Winnipeg CAN"]
[Date "2001.01.13"]
[Round "2"]
[White "Czarny, Keith"]
[Black "Remillard, John"]
[Result "1-0"]
[WhiteElo "1712"]
[BlackElo "1620"]
[PlyCount "81"]
[GameId "2160767911627300"]
[EventDate "2001.01.??"]
[EventType "swiss"]
[EventRounds "5"]
[EventCountry "CAN"]
[SourceTitle "EXT 2005"]
[Source "ChessBase"]
[SourceDate "2004.11.15"]
[SourceVersion "1"]
[SourceVersionDate "2004.11.15"]
[SourceQuality "1"]

1. Nf3 c5 2. c4 Nf6 3. b3 g6 4. Bb2 Bg7 5. e3 O-O 6. Be2 Nc6 7. d4 Ne8 8. Qd2 cxd4 9. Nxd4 Nxd4 10. exd4 d5 11. O-O dxc4 12. bxc4 Nf6 13. Nc3 Bf5 14. Bf3 Qd7 15. Rad1 Bg4 16. Bxg4 Nxg4 17. Ne2 Rac8 18. c5 Rfd8 19. h3 Nh6 20. Qf4 Nf5 21. Rfe1 Qc6 22. Kh1 Bh6 23. Qg4 Bg7 24. d5 Rxd5 25. Bxg7 Rxd1 26. Rxd1 Kxg7 27. Qg5 f6 28. Qd2 b6 29. Rc1 bxc5 30. Nf4 Qd6 31. Qxd6 exd6 32. Rc4 Kf7 33. Ra4 Rc7 34. g4 Ne7 35. Ra6 Nc8 36. Nd5 Rd7 37. f4 Ke6 38. Nc3 Nb6 39. a4 Nd5 40. Ne4 Nxf4 41. Nxc5+ 1-0

[Event "Kent Oliver mem."]
[Site "Winnipeg CAN"]
[Date "2001.01.13"]
[Round "2"]
[White "Katona, Jozsef2"]
[Black "Lafreniere, Adrian"]
[Result "0-1"]
[WhiteElo "1792"]
[BlackElo "1667"]
[PlyCount "74"]
[GameId "2160767911627301"]
[EventDate "2001.01.??"]
[EventType "swiss"]
[EventRounds "5"]
[EventCountry "CAN"]
[SourceTitle "EXT 2005"]
[Source "ChessBase"]
[SourceDate "2004.11.15"]
[SourceVersion "1"]
[SourceVersionDate "2004.11.15"]
[SourceQuality "1"]

1. e4 d6 2. d4 g6 3. Nc3 Bg7 4. Nf3 Bg4 5. Be2 e6 6. h3 Bxf3 7. Bxf3 Nc6 8. Be3 Nge7 9. Qd2 O-O 10. Ne2 d5 11. c3 dxe4 12. Bxe4 Nd5 13. Bh6 Qh4 14. Bxg7 Kxg7 15. Bc2 Rad8 16. g3 Qf6 17. O-O-O Qxf2 18. Nf4 Qxd2+ 19. Rxd2 Nxf4 20. gxf4 Ne7 21. Re2 Nd5 22. Rf1 Nf6 23. Rg1 Rd5 24. Re5 Rfd8 25. Rg2 Kh6 26. Bd1 c6 27. Bf3 R5d6 28. Kc2 Nd5 29. Bxd5 Rxd5 30. Rge2 Rxe5 31. Rxe5 Rd5 32. Re3 Rf5 33. Rf3 Kh5 34. Kd3 g5 35. Ke3 Rxf4 36. Rxf4 gxf4+ 37. Kxf4 Kh4 0-1

[Event "Kent Oliver mem."]
[Site "Winnipeg CAN"]
[Date "2001.01.13"]
[Round "2"]
[White "Khedkar, Jay S"]
[Black "Lukic, Luka"]
[Result "1-0"]
[WhiteElo "2008"]
[BlackElo "1966"]
[PlyCount "57"]
[GameId "2160767911627302"]
[EventDate "2001.01.??"]
[EventType "swiss"]
[EventRounds "5"]
[EventCountry "CAN"]
[SourceTitle "EXT 2005"]
[Source "ChessBase"]
[SourceDate "2004.11.15"]
[SourceVersion "1"]
[SourceVersionDate "2004.11.15"]
[SourceQuality "1"]

1. e4 e5 2. f4 exf4 3. Nf3 d5 4. exd5 Qxd5 5. d4 Be7 6. Nc3 Qe6+ 7. Kf2 g5 8. Bb5+ Kf8 9. Re1 Qd6 10. Re5 c6 11. Ne4 Qd8 12. Nfxg5 Bxg5 13. Nxg5 cxb5 14. Bxf4 h5 15. Qf3 Nf6 16. Qa3+ Kg7 17. Re7 Ng4+ 18. Kf1 Rf8 19. Qd3 Qxe7 20. Qh7+ Kf6 21. Ne4+ Ke6 22. Re1 Kd7 23. Nc5+ Ke8 24. Rxe7+ Kxe7 25. Qe4+ Kd8 26. Nxb7+ Bxb7 27. Qxb7 Nd7 28. Qxa8+ Ke7 29. Qc6 1-0

[Event "Kent Oliver mem."]
[Site "Winnipeg CAN"]
[Date "2001.01.13"]
[Round "2"]
[White "Lipnowski, Samuel"]
[Black "Kaptsan, Aron"]
[Result "0-1"]
[WhiteElo "1991"]
[BlackElo "2122"]
[PlyCount "40"]
[GameId "2160767911627303"]
[EventDate "2001.01.??"]
[EventType "swiss"]
[EventRounds "5"]
[EventCountry "CAN"]
[SourceTitle "EXT 2005"]
[Source "ChessBase"]
[SourceDate "2004.11.15"]
[SourceVersion "1"]
[SourceVersionDate "2004.11.15"]
[SourceQuality "1"]

1. c4 g6 2. g3 Bg7 3. Bg2 c5 4. Nc3 Nc6 5. Nh3 e6 6. O-O Nge7 7. Nf4 O-O 8. e3 b6 9. b3 Bb7 10. Bb2 Rc8 11. Qe2 d6 12. Rad1 Qc7 13. Nb5 Qb8 14. Bxg7 Kxg7 15. d4 a6 16. Nc3 Na5 17. dxc5 Bxg2 18. Kxg2 dxc5 19. Rd7 Rc7 20. Rfd1 Qb7+ 0-1

[Event "Kent Oliver mem."]
[Site "Winnipeg CAN"]
[Date "2001.01.13"]
[Round "2"]
[White "Nikouline, Alexandre"]
[Black "Gentes, Kevin"]
[Result "1/2-1/2"]
[WhiteElo "2116"]
[BlackElo "2348"]
[PlyCount "82"]
[GameId "2160767911627304"]
[EventDate "2001.01.??"]
[EventType "swiss"]
[EventRounds "5"]
[EventCountry "CAN"]
[SourceTitle "EXT 2005"]
[Source "ChessBase"]
[SourceDate "2004.11.15"]
[SourceVersion "1"]
[SourceVersionDate "2004.11.15"]
[SourceQuality "1"]

1. e4 c5 2. Nf3 e6 3. d4 cxd4 4. Nxd4 Nf6 5. Bd3 Nc6 6. Nxc6 dxc6 7. O-O e5 8. Be3 Ng4 9. Qe2 Nxe3 10. Qxe3 Qb6 11. Qxb6 axb6 12. Nd2 Bd6 13. Nc4 Bc7 14. a4 Ke7 15. b4 Be6 16. b5 Rhd8 17. Nb2 Rd4 18. Rfd1 Rb4 19. Rdb1 cxb5 20. Bxb5 Rxe4 21. c3 Rd8 22. Rd1 Rxd1+ 23. Rxd1 Rf4 24. g3 Rf3 25. Rd3 Rxd3 26. Nxd3 e4 27. Nb4 Kd6 28. c4 Kc5 29. Nd5 Bxd5 30. cxd5 Kxd5 31. Kf1 f5 32. h4 g6 33. Ke2 h6 34. Be8 g5 35. hxg5 hxg5 36. Bd7 f4 37. gxf4 Bxf4 38. f3 Kd6 39. Bf5 exf3+ 40. Kxf3 Kd5 41. Bd7 Kd6 1/2-1/2

[Event "Kent Oliver mem."]
[Site "Winnipeg CAN"]
[Date "2001.01.13"]
[Round "2"]
[White "Sitter, Wayne"]
[Black "Hemphill, Jim"]
[Result "1/2-1/2"]
[WhiteElo "1599"]
[BlackElo "1683"]
[PlyCount "65"]
[GameId "2160767911627305"]
[EventDate "2001.01.??"]
[EventType "swiss"]
[EventRounds "5"]
[EventCountry "CAN"]
[SourceTitle "EXT 2005"]
[Source "ChessBase"]
[SourceDate "2004.11.15"]
[SourceVersion "1"]
[SourceVersionDate "2004.11.15"]
[SourceQuality "1"]

1. d4 Nf6 2. c4 g6 3. Nc3 Bg7 4. e4 d6 5. Nf3 O-O 6. Be2 e5 7. dxe5 dxe5 8. Qxd8 Rxd8 9. Nxe5 Re8 10. Nf3 Nxe4 11. Nd5 Na6 12. O-O c6 13. Nf4 Nc7 14. Re1 Ne6 15. Rb1 a5 16. Bd3 N6c5 17. Bc2 Bg4 18. Nd2 Nxd2 19. Rxe8+ Rxe8 20. Bxd2 g5 21. Nh3 Bxh3 22. gxh3 Re2 23. Be3 Rxc2 24. Bxc5 Rxb2 25. Rxb2 Bxb2 26. a4 f5 27. Kg2 Kf7 28. Kf3 Ke6 29. Ke3 Bc3 30. f3 h5 31. h4 gxh4 32. h3 Bb4 33. Bd4 1/2-1/2

[Event "Kent Oliver mem."]
[Site "Winnipeg CAN"]
[Date "2001.01.13"]
[Round "2"]
[White "Valvo, Michael"]
[Black "Rasmussen, Barry"]
[Result "1-0"]
[WhiteElo "2395"]
[BlackElo "2229"]
[PlyCount "55"]
[GameId "2160767911627306"]
[EventDate "2001.01.??"]
[EventType "swiss"]
[EventRounds "5"]
[EventCountry "CAN"]
[SourceTitle "EXT 2005"]
[Source "ChessBase"]
[SourceDate "2004.11.15"]
[SourceVersion "1"]
[SourceVersionDate "2004.11.15"]
[SourceQuality "1"]

1. e4 c5 2. Nf3 e6 3. d4 cxd4 4. Nxd4 Nf6 5. Nc3 Nc6 6. Ndb5 Bc5 7. Bf4 O-O 8. Bc7 Qe7 9. Bd6 Bxd6 10. Qxd6 a6 11. Qxe7 Nxe7 12. Nd6 Ne8 13. O-O-O Nxd6 14. Rxd6 b5 15. Be2 Ra7 16. f4 f6 17. Rhd1 Nc6 18. Bg4 Na5 19. b3 Rc7 20. Kb2 Kf7 21. Rb6 Rc6 22. Rb8 Re8 23. e5 Bb7 24. Rxd7+ Re7 25. Bh5+ g6 26. Rxe7+ Kxe7 27. Bf3 Rc7 28. Rh8 1-0

[Event "Kent Oliver mem."]
[Site "Winnipeg CAN"]
[Date "2001.01.13"]
[Round "2"]
[White "Vincent, Trevor"]
[Black "Haapamaki, Eric"]
[Result "0-1"]
[WhiteElo "1452"]
[BlackElo "1769"]
[PlyCount "68"]
[GameId "2160767911627307"]
[EventDate "2001.01.??"]
[EventType "swiss"]
[EventRounds "5"]
[EventCountry "CAN"]
[SourceTitle "EXT 2005"]
[Source "ChessBase"]
[SourceDate "2004.11.15"]
[SourceVersion "1"]
[SourceVersionDate "2004.11.15"]
[SourceQuality "1"]

1. c4 Nf6 2. Nc3 g6 3. g3 Bg7 4. Bg2 O-O 5. d3 c6 6. Nf3 d5 7. cxd5 cxd5 8. d4 Nc6 9. O-O a6 10. a3 Bd7 11. h3 Rc8 12. e3 Na5 13. Ne5 Be8 14. Bd2 e6 15. Na4 Bb5 16. Re1 Nc4 17. Nxc4 Bxc4 18. Bb4 Re8 19. Bc5 Nd7 20. Bb4 a5 21. Bd2 b5 22. Nc3 a4 23. Bc1 Qb6 24. Bf1 Qa6 25. Bxc4 Rxc4 26. Bd2 Nb8 27. Rc1 Rec8 28. Qf3 Nc6 29. Ne2 Na5 30. Bxa5 Qxa5 31. Rc3 b4 32. axb4 Qxb4 33. Rb1 Rxc3 34. Nxc3 Rxc3 0-1

[Event "Kent Oliver mem."]
[Site "Winnipeg CAN"]
[Date "2001.01.13"]
[Round "3"]
[White "Charter, Bennet"]
[Black "Hemphill, Jim"]
[Result "1-0"]
[WhiteElo "1748"]
[BlackElo "1683"]
[PlyCount "61"]
[GameId "2160767911627308"]
[EventDate "2001.01.??"]
[EventType "swiss"]
[EventRounds "5"]
[EventCountry "CAN"]
[SourceTitle "EXT 2005"]
[Source "ChessBase"]
[SourceDate "2004.11.15"]
[SourceVersion "1"]
[SourceVersionDate "2004.11.15"]
[SourceQuality "1"]

1. e4 c5 2. Nf3 Nc6 3. d4 cxd4 4. Nxd4 g6 5. c4 Nf6 6. Nc3 Bg7 7. Be3 O-O 8. Be2 a6 9. O-O d6 10. f4 Nxd4 11. Bxd4 Be6 12. Rc1 Qa5 13. b3 Rfe8 14. Qc2 Bg4 15. h3 Bxe2 16. Qxe2 Rac8 17. Qf3 Nd7 18. Bxg7 Kxg7 19. Rfd1 b5 20. cxb5 axb5 21. Qf2 Rxc3 22. Qd4+ e5 23. Qxc3 Qxa2 24. Rxd6 Nf6 25. Re1 Qa7+ 26. Kh1 Qf2 27. fxe5 Rxe5 28. Qxe5 Qxe1+ 29. Kh2 Qf2 30. Rd3 Qh4 31. Rf3 1-0

[Event "Kent Oliver mem."]
[Site "Winnipeg CAN"]
[Date "2001.01.13"]
[Round "3"]
[White "Gentes, Kevin"]
[Black "Valvo, Michael"]
[Result "0-1"]
[WhiteElo "2348"]
[BlackElo "2395"]
[PlyCount "74"]
[GameId "2160767911627309"]
[EventDate "2001.01.??"]
[EventType "swiss"]
[EventRounds "5"]
[EventCountry "CAN"]
[SourceTitle "EXT 2005"]
[Source "ChessBase"]
[SourceDate "2004.11.15"]
[SourceVersion "1"]
[SourceVersionDate "2004.11.15"]
[SourceQuality "1"]

1. g3 e5 2. Bg2 f5 3. c4 Nf6 4. Nc3 Nc6 5. e3 Bb4 6. Nd5 O-O 7. a3 Bd6 8. d3 Nxd5 9. cxd5 Ne7 10. Ne2 c6 11. d4 e4 12. dxc6 bxc6 13. O-O Bc7 14. f3 d5 15. Bd2 a5 16. Rc1 Ba6 17. Rf2 Rb8 18. b4 axb4 19. Bxb4 Bd6 20. Bxd6 Qxd6 21. Rc5 Rb2 22. Nc3 Rxf2 23. Kxf2 Qh6 24. f4 Qxh2 25. Ra5 Bc4 26. Ra7 Rb8 27. Qc1 Kf8 28. a4 h5 29. a5 h4 30. gxh4 Qxh4+ 31. Kg1 g5 32. fxg5 Qxg5 33. a6 Kf7 34. Rb7 Rg8 35. Qd2 Bxa6 36. Rc7 Qg3 37. Na4 Qxc7 0-1

[Event "Kent Oliver mem."]
[Site "Winnipeg CAN"]
[Date "2001.01.13"]
[Round "3"]
[White "Haapamaki, Eric"]
[Black "Gannon, Keith"]
[Result "1-0"]
[WhiteElo "1768"]
[BlackElo "1583"]
[PlyCount "117"]
[GameId "2160767911627310"]
[EventDate "2001.01.??"]
[EventType "swiss"]
[EventRounds "5"]
[EventCountry "CAN"]
[SourceTitle "EXT 2005"]
[Source "ChessBase"]
[SourceDate "2004.11.15"]
[SourceVersion "1"]
[SourceVersionDate "2004.11.15"]
[SourceQuality "1"]

1. e4 c5 2. Nf3 d6 3. d4 cxd4 4. Nxd4 Nf6 5. Nc3 a6 6. Bc4 g6 7. O-O Bg7 8. a4 O-O 9. Bb3 Bd7 10. f3 Nc6 11. Be3 Nxd4 12. Bxd4 Bc6 13. Qd2 Qc7 14. Nd5 Nxd5 15. exd5 Bxd4+ 16. Qxd4 Bd7 17. Rfe1 Rfe8 18. Rad1 Rac8 19. Re2 Qc5 20. Qxc5 Rxc5 21. Rde1 Kf8 22. Kf2 h5 23. h3 g5 24. c3 b5 25. Re4 f5 26. Rd4 Rb8 27. Re2 Kf7 28. g3 bxa4 29. Bxa4 Bxa4 30. Rxa4 Rxd5 31. Rxa6 Rdb5 32. b4 Kf6 33. Ra5 e5 34. Ra6 Ke6 35. Rd2 Rd5 36. Rxd5 Kxd5 37. Ke3 f4+ 38. gxf4 gxf4+ 39. Kd3 Rg8 40. c4+ Ke6 41. c5 Rg3 42. Ke4 Rxh3 43. Rxd6+ Ke7 44. Rd5 Rh1 45. Rxe5+ Kd7 46. Kxf4 Rh4+ 47. Kg3 Rxb4 48. Rxh5 Kc6 49. f4 Rb3+ 50. Kg4 Rb4 51. Re5 Rc4 52. Kg5 Rc1 53. f5 Rg1+ 54. Kf6 Rh1 55. Ke6 Rh6+ 56. f6 Kc7 57. Ke7 Rh7+ 58. f7 Kc8 59. Ke8 1-0

[Event "Kent Oliver mem."]
[Site "Winnipeg CAN"]
[Date "2001.01.13"]
[Round "3"]
[White "Kaptsan, Aron"]
[Black "Khedkar, Jay S"]
[Result "1-0"]
[WhiteElo "2122"]
[BlackElo "2008"]
[PlyCount "71"]
[GameId "2160767911627311"]
[EventDate "2001.01.??"]
[EventType "swiss"]
[EventRounds "5"]
[EventCountry "CAN"]
[SourceTitle "EXT 2005"]
[Source "ChessBase"]
[SourceDate "2004.11.15"]
[SourceVersion "1"]
[SourceVersionDate "2004.11.15"]
[SourceQuality "1"]

1. d4 d5 2. c4 e6 3. Nc3 Nf6 4. Bg5 Nbd7 5. e3 c6 6. cxd5 exd5 7. Bd3 Be7 8. Nf3 Ne4 9. Bxe7 Qxe7 10. O-O O-O 11. Qc2 Ndf6 12. Rae1 Nxc3 13. bxc3 Ne4 14. Ne5 f6 15. Nf3 g5 16. Nd2 Bf5 17. Nb3 Bd7 18. f3 Nd6 19. e4 dxe4 20. fxe4 Rae8 21. e5 fxe5 22. Rxf8+ Rxf8 23. Rxe5 Qg7 24. Nc5 Bc8 25. Qe2 h6 26. Ne6 Bxe6 27. Rxe6 Rf6 28. Qe5 Rxe6 29. Qxe6+ Nf7 30. Qc8+ Qf8 31. Qxb7 Qa3 32. Qxc6 Qc1+ 33. Bf1 Qe3+ 34. Kh1 Qf2 35. Qe8+ Kg7 36. Qe2 1-0

[Event "Kent Oliver mem."]
[Site "Winnipeg CAN"]
[Date "2001.01.13"]
[Round "3"]
[White "Katona, Jozsef2"]
[Black "Sitter, Wayne"]
[Result "1-0"]
[WhiteElo "1792"]
[BlackElo "1599"]
[PlyCount "87"]
[GameId "2160767911627312"]
[EventDate "2001.01.??"]
[EventType "swiss"]
[EventRounds "5"]
[EventCountry "CAN"]
[SourceTitle "EXT 2005"]
[Source "ChessBase"]
[SourceDate "2004.11.15"]
[SourceVersion "1"]
[SourceVersionDate "2004.11.15"]
[SourceQuality "1"]

1. e4 g6 2. d4 Bg7 3. Nc3 d6 4. Bc4 c6 5. Nf3 b5 6. Bb3 Bb7 7. O-O e6 8. Qe2 Ne7 9. a3 O-O 10. Bf4 d5 11. exd5 exd5 12. Rfe1 Nf5 13. Qd2 Nd7 14. Ne2 Nb6 15. Ng3 Nh4 16. Nxh4 Qxh4 17. c3 Rfe8 18. h3 a5 19. Bg5 Bh6 20. Bxh6 Qf6 21. Bg5 Qd6 22. Rxe8+ Rxe8 23. Re1 Re6 24. Rxe6 Qxe6 25. Qe3 Bc8 26. Ne2 a4 27. Ba2 Qxe3 28. fxe3 Nc4 29. Bxc4 bxc4 30. Bf6 h5 31. Ng3 Kf8 32. e4 Ke8 33. Kf2 Be6 34. Ke3 Kd7 35. Kf4 Kc7 36. e5 Kd7 37. Kg5 Kc7 38. Nf1 Kd7 39. Ne3 Ke8 40. Nc2 Kd7 41. Nb4 Kc7 42. Na6+ Kd7 43. Nc5+ Ke8 44. Nxe6 1-0